Statistics for Bougainville Country Quiz

Click here to take the quiz!

General Stats

  • This quiz has been taken 394 times
    (362 since last reset)
  • The average score is 10 of 17

Answer Stats

HintAnswer% Correct
Country from which Bougainville is scheduled to gain its independencePapua New Guinea
92%
Bougainville is named after an admiral and explorer from this countryFrance
89%
Countries which occupied and administered its territory during the colonial period (1886-1975)Australia
88%
Countries which occupied and administered its territory during the colonial period (1886-1975)Japan
86%
Countries which occupied and administered its territory during the colonial period (1886-1975)United States
86%
Language in which Bougainville's constitution is writtenEnglish
81%
Oceanian sub-region that Bougainville is part of{Mela}nesia
81%
% of citizens that voted for independence in the 2019 referendum (to the nearest whole number)98%
78%
Countries which occupied and administered its territory during the colonial period (1886-1975)Germany
71%
Majority of Bougainvillean citizens practice this sect of ChristianityRoman Catholicism
68%
Archipelago the country is a part of{Solomon} Islands
64%
The conflict over the Panguna Mine was one of the major causes of the Bougainville Civil War. What metal is mined there?Copper
60%
Unofficial lingua franca of BougainvilleTok Pisin
37%
Current interim capital, likely to be moved to the aboveBuka
17%
Currency of BougainvillePapua New Guinean Kina
17%
Previous capital and largest cityArawa
15%
Traditional headdress depicted on the country's flagUpe
6%

Score Distribution

Percentile by Number Answered

Percent of People with Each Score

Your Score History

You have not taken this quiz since the last reset